[Event "WchT Seniors 50"]
[Site "Rhodes"]
[Date "2019.04.23"]
[Round "8.5"]
[White "Plaskett, H James"]
[Black "Hrisanthopoulos, Dimitrios"]
[Result "1/2-1/2"]
[WhiteElo "2437"]
[BlackElo "1995"]
[PlyCount "35"]
[EventDate "2019.04.16"]
[EventType "team-swiss"]
[EventRounds "9"]
[EventCountry "GRE"]
[SourceTitle "CBM 190 Extra"]
[Source "ChessBase"]
[SourceDate "2019.07.15"]
[SourceVersion "1"]
[SourceVersionDate "2019.07.15"]
[SourceQuality "1"]
[WhiteTeam "England"]
[BlackTeam "Athens Vets"]
[WhiteTeamCountry "ENG"]
[BlackTeamCountry "GRE"]

1. e4 c5 2. Nc3 Nc6 3. Bb5 Nd4 4. Nf3 a6 5. Bc4 e6 6. d3 b5 7. Bb3 g6 8. Nxd4 cxd4 9. Ne2 Bg7 10. a4 Bb7 11. 0-0 Ne7 12. Bg5 h6 13. Bf4 d5 14. exd5 Nxd5 15. Bd2 0-0 16. axb5 axb5 17. Rxa8 Bxa8 18. Nf4 1/2-1/2

[Event "WchT Seniors 50"]
[Site "Rhodes"]
[Date "2019.04.22"]
[Round "7.6"]
[White "Hrisanthopoulos, Dimitrios"]
[Black "Salonen, Jyrki"]
[Result "1-0"]
[WhiteElo "1995"]
[BlackElo "2162"]
[PlyCount "83"]
[EventDate "2019.04.16"]
[EventType "team-swiss"]
[EventRounds "9"]
[EventCountry "GRE"]
[SourceTitle "CBM 190 Extra"]
[Source "ChessBase"]
[SourceDate "2019.07.15"]
[SourceVersion "1"]
[SourceVersionDate "2019.07.15"]
[SourceQuality "1"]
[WhiteTeam "Athens Vets"]
[BlackTeam "Finland"]
[WhiteTeamCountry "GRE"]
[BlackTeamCountry "FIN"]

1. e4 c5 2. Nf3 Nc6 3. d4 cxd4 4. Nxd4 e5 5. Nb5 d6 6. a4 Be6 7. N1c3 a6 8. Na3 Nf6 9. Bc4 Be7 10. Bg5 Nxe4 11. Nxe4 Bxg5 12. Bxe6 fxe6 13. Qh5+ g6 14. Qxg5 Qxg5 15. Nxg5 h6 16. Ne4 d5 17. Nc3 Ke7 18. 0-0 Rac8 19. Rfe1 Rhf8 20. f3 Rf4 21. b3 Nd4 22. Ne2 Nxe2+ 23. Rxe2 Kd6 24. Rae1 Rf5 25. c4 Kc5 26. Nc2 dxc4 27. Ne3 b5 28. Nxf5 exf5 29. axb5 axb5 30. bxc4 bxc4 31. Rxe5+ Kd4 32. Re6 c3 33. Rd6+ Kc4 34. Rxg6 h5 35. Rg5 c2 36. Rc1 Kc3 37. Rxf5 h4 38. Rh5 Rc4 39. Re5 Kb2 40. Ree1 h3 41. g4 Rd4 42. Kf2 1-0

[Event "WchT Seniors 50"]
[Site "Rhodes"]
[Date "2019.04.18"]
[Round "3.5"]
[White "Hrisanthopoulos, Dimitrios"]
[Black "Barron, Michael"]
[Result "0-1"]
[WhiteElo "1995"]
[BlackElo "2124"]
[PlyCount "102"]
[EventDate "2019.04.16"]
[EventType "team-swiss"]
[EventRounds "9"]
[EventCountry "GRE"]
[SourceTitle "CBM 190 Extra"]
[Source "ChessBase"]
[SourceDate "2019.07.15"]
[SourceVersion "1"]
[SourceVersionDate "2019.07.15"]
[SourceQuality "1"]
[WhiteTeam "Athens Vets"]
[BlackTeam "Canada"]
[WhiteTeamCountry "GRE"]
[BlackTeamCountry "CAN"]

1. e4 e5 2. Nf3 Nc6 3. Bb5 a6 4. Ba4 Nf6 5. 0-0 Be7 6. Re1 b5 7. Bb3 0-0 8. h3 d6 9. c3 Na5 10. Bc2 c5 11. d4 Qc7 12. Nbd2 Bb7 13. d5 g6 14. Nf1 Nh5 15. Bh6 Rfe8 16. b3 Bf8 17. Be3 Bg7 18. Kh2 Bc8 19. Rc1 Bd7 20. Qd2 c4 21. b4 Nb7 22. g4 Nf4 23. Ng3 a5 24. a3 axb4 25. axb4 Ra3 26. Ra1 Rea8 27. Rxa3 Rxa3 28. Bxf4 exf4 29. Ne2 Be5 30. Ned4 Nd8 31. Kg2 f6 32. Rd1 Qc8 33. Nxe5 fxe5 34. Nc6 Kg7 35. f3 Nf7 36. Na5 h5 37. Rg1 Qd8 38. Qe1 hxg4 39. hxg4 Qb6 40. Bb1 Qe3 41. Qxe3 fxe3 42. Rc1 Kf6 43. Kf1 Kg5 44. Ke2 Kf4 45. Nb7 Bc8 46. Na5 Ng5 47. Nc6 Nxf3 48. Nd8 Nd4+ 49. cxd4 Bxg4+ 50. Ke1 exd4 51. Ne6+ Ke5 0-1

[Event "WchT Seniors 50"]
[Site "Rhodes"]
[Date "2019.04.16"]
[Round "1.9"]
[White "Hrisanthopoulos, Dimitrios"]
[Black "Ernst, Michael"]
[Result "1/2-1/2"]
[WhiteElo "1995"]
[BlackElo "2184"]
[PlyCount "62"]
[EventDate "2019.04.16"]
[EventType "team-swiss"]
[EventRounds "9"]
[EventCountry "GRE"]
[SourceTitle "CBM 190 Extra"]
[Source "ChessBase"]
[SourceDate "2019.07.15"]
[SourceVersion "1"]
[SourceVersionDate "2019.07.15"]
[SourceQuality "1"]
[WhiteTeam "Athens Vets"]
[BlackTeam "Austria"]
[WhiteTeamCountry "GRE"]
[BlackTeamCountry "AUT"]

1. e4 e6 2. d4 d5 3. Nc3 Nf6 4. e5 Nfd7 5. f4 c5 6. Nf3 Nc6 7. Be3 cxd4 8. Nxd4 Bc5 9. Qd2 Bxd4 10. Bxd4 Nxd4 11. Qxd4 Qb6 12. Qd2 a6 13. 0-0-0 Nc5 14. Bd3 Bd7 15. Kb1 0-0-0 16. Qf2 Na4 17. Qxb6 Nxb6 18. Ne2 f6 19. Nd4 h5 20. Rhe1 f5 21. Re3 h4 22. b3 g5 23. fxg5 Rdg8 24. Rh3 Rxg5 25. g3 Rgh5 26. Nf3 hxg3 27. Rxg3 Be8 28. Rdg1 Kd8 29. Rg7 Nd7 30. h4 R5h6 31. b4 Bh5 1/2-1/2

[Event "Agios Ioannis Pelion op 1st"]
[Site "Agios Ioannis"]
[Date "2018.06.19"]
[Round "5"]
[White "Mastrovasilis, Athanasios"]
[Black "Hrisanthopoulos, Dimitrios"]
[Result "1-0"]
[WhiteElo "2501"]
[BlackElo "1979"]
[PlyCount "80"]
[EventDate "2018.06.16"]
[EventType "swiss"]
[EventRounds "9"]
[EventCountry "GRE"]
[SourceTitle "CBM 185 Extra"]
[Source "ChessBase"]
[SourceDate "2018.07.29"]
[SourceVersion "1"]
[SourceVersionDate "2018.07.29"]
[SourceQuality "1"]

1. d4 Nf6 2. c4 e6 3. Nc3 Bb4 4. Nf3 b6 5. Bd2 Bb7 6. g3 Bxc3 7. Bxc3 Ne4 8. Rc1 d6 9. d5 Nxc3 10. Rxc3 e5 11. Bg2 a5 12. 0-0 Nd7 13. b3 0-0 14. a3 f5 15. Ne1 Qf6 16. Qd2 Nc5 17. b4 axb4 18. axb4 Ne4 19. Bxe4 fxe4 20. Qe3 Bc8 21. Qxe4 Bf5 22. Qe3 Ra4 23. b5 Bh3 24. Ng2 Rfa8 25. f4 Ra1 26. Rcc1 Rxc1 27. Rxc1 Bxg2 28. fxe5 dxe5 29. Kxg2 Qd6 30. Rf1 h6 31. Rf5 Re8 32. Qe4 Re7 33. h4 g6 34. Rf3 Rf7 35. Qg4 h5 36. Qc8+ Kg7 37. Qe8 Rxf3 38. Kxf3 Qf6+ 39. Ke3 Qf5 40. Qe7+ Kg8 1-0

[Event "WchT Seniors 50"]
[Site "Hersonissos"]
[Date "2017.04.24"]
[Round "1.4"]
[White "Hrisanthopoulos, Dimitrios"]
[Black "Minasian, Artashes"]
[Result "0-1"]
[WhiteElo "1996"]
[BlackElo "2480"]
[PlyCount "54"]
[EventDate "2017.04.24"]
[EventType "team-swiss"]
[EventRounds "9"]
[EventCountry "GRE"]
[SourceTitle "CBM 178 Extra"]
[Source "ChessBase"]
[SourceDate "2017.06.22"]
[SourceVersion "1"]
[SourceVersionDate "2017.06.22"]
[SourceQuality "1"]
[WhiteTeam "Athens/Crete"]
[BlackTeam "Armenia"]
[WhiteTeamCountry "GRE"]
[BlackTeamCountry "ARM"]

1. e4 g6 2. d4 Bg7 3. Nc3 a6 4. a4 d6 5. Be3 Nf6 6. Qd2 Nc6 7. h3 0-0 8. Nf3 e5 9. dxe5 dxe5 10. Bc4 Qxd2+ 11. Bxd2 Nd4 12. 0-0-0 b5 13. Ba2 b4 14. Nd5 b3 15. Bxb3 Nxb3+ 16. cxb3 Nxe4 17. Ne7+ Kh8 18. Nxc8 Nxf2 19. Ne7 e4 20. Ng5 Rae8 21. Nd5 Nxh1 22. Rxh1 Re5 23. Bb4 Rxg5 24. Bxf8 Bxf8 25. Nf6 e3 26. Re1 Rxg2 27. Ng4 e2 0-1

[Event "Isthmia op 5th"]
[Site "Loutraki"]
[Date "2015.08.18"]
[Round "1"]
[White "Firman, Nazar"]
[Black "Hrisanthopoulos, Dimitrios"]
[Result "1-0"]
[WhiteElo "2502"]
[BlackElo "1996"]
[PlyCount "61"]
[EventDate "2015.08.18"]
[EventType "swiss"]
[EventRounds "9"]
[EventCountry "GRE"]
[SourceTitle "EXT 2016"]
[Source "ChessBase"]
[SourceDate "2015.10.08"]
[SourceVersion "1"]
[SourceVersionDate "2015.10.08"]
[SourceQuality "1"]

1. e4 c5 2. Nf3 e6 3. d4 cxd4 4. Nxd4 Nc6 5. Nc3 Qc7 6. Be3 a6 7. Qf3 Ne5 8. Qg3 d6 9. 0-0-0 Bd7 10. Kb1 h5 11. f4 h4 12. Qe1 Nc4 13. Bc1 Rc8 14. Bxc4 Qxc4 15. Rd3 b5 16. a3 a5 17. e5 d5 18. f5 b4 19. fxe6 fxe6 20. Rf1 Ne7 21. Nce2 Nf5 22. b3 Qc7 23. Rxf5 exf5 24. a4 Be7 25. Nf4 0-0 26. Qe2 Bc5 27. Nde6 Bxe6 28. Nxe6 Qe7 29. Nxf8 Rxf8 30. Rxd5 Rc8 31. Qc4 1-0

[Event "Athens Herakleiou op 18th"]
[Site "Athens"]
[Date "2015.06.14"]
[Round "2.4"]
[White "Hrisanthopoulos, Dimitrios"]
[Black "Georgiou, Konstantinos"]
[Result "0-1"]
[WhiteElo "1993"]
[BlackElo "2212"]
[PlyCount "104"]
[EventDate "2015.06.13"]
[EventType "swiss"]
[EventRounds "9"]
[EventCountry "GRE"]
[SourceTitle "EXT 2024"]
[Source "ChessBase"]
[SourceDate "2023.10.10"]
[SourceVersion "1"]
[SourceVersionDate "2023.10.10"]
[SourceQuality "1"]

1. e4 c5 2. Nf3 Nc6 3. Bb5 d6 4. c4 e5 5. Nc3 g6 6. d3 Bg7 7. 0-0 Nge7 8. a3 0-0 9. Rb1 f5 10. Bxc6 bxc6 11. b4 cxb4 12. axb4 fxe4 13. dxe4 Bg4 14. Qd3 Bxf3 15. gxf3 Qd7 16. Rb3 Rad8 17. Kg2 h6 18. b5 cxb5 19. cxb5 g5 20. Nd5 Ng6 21. Kh1 Nh4 22. Qc4 Kh8 23. f4 exf4 24. Bd2 Rc8 25. Qd3 f3 26. Rg1 Be5 27. Ne3 Qh3 28. Ng4 Ng6 29. Bc3 Rcd8 30. Qe3 Rf4 31. Rg3 Qf1+ 32. Rg1 Qe2 33. Nxh6 Qxe3 34. Bxe5+ Nxe5 35. Rxe3 Kh7 36. Nf5 Ng4 37. Rf1 Nxe3 38. fxe3 Rxe4 39. Rxf3 g4 40. Rg3 Rb4 41. Nd4 Rb2 42. Rxg4 Rc8 43. Rg1 Rf8 44. Ra1 Rff2 45. Rxa7+ Kg6 46. Ra1 Rxh2+ 47. Kg1 Rbg2+ 48. Kf1 Ra2 49. Rxa2 Rxa2 50. Ke1 Kf6 51. Kd1 Ke5 52. Kc1 Ke4 0-1

[Event "Athens Erythraias op 1st"]
[Site "Athens"]
[Date "2014.11.18"]
[Round "3"]
[White "Ignatiadis, Konstantinos"]
[Black "Hrisanthopoulos, Dimitrios"]
[Result "1-0"]
[WhiteElo "2111"]
[BlackElo "2004"]
[PlyCount "75"]
[EventDate "2014.11.04"]
[EventType "swiss"]
[EventRounds "7"]
[EventCountry "GRE"]
[SourceTitle "EXT 2024"]
[Source "ChessBase"]
[SourceDate "2023.10.10"]
[SourceVersion "1"]
[SourceVersionDate "2023.10.10"]
[SourceQuality "1"]

1. c4 Nf6 2. Nc3 e6 3. d4 Bb4 4. Qc2 0-0 5. e4 c5 6. a3 cxd4 7. axb4 dxc3 8. bxc3 d5 9. e5 Ng4 10. Nf3 Nc6 11. Bf4 f6 12. exf6 Nxf6 13. Be3 e5 14. cxd5 e4 15. dxc6 exf3 16. gxf3 bxc6 17. Rg1 Kh8 18. Bc4 Qc7 19. Ra5 Re8 20. Rg3 Re5 21. Rxe5 Qxe5 22. Qd3 Bf5 23. Qd4 Qc7 24. Qc5 Qd7 25. Qd4 Qc7 26. Rg5 Rd8 27. Qxa7 Qxa7 28. Bxa7 Re8+ 29. Kd2 Rd8+ 30. Bd4 Bg6 31. Re5 Rd7 32. Ra5 Rd8 33. Ra7 h5 34. h4 Nd7 35. Ke3 Re8+ 36. Kf4 Rf8+ 37. Kg3 Nf6 38. Rc7 1-0

[Event "Paleochora op 7th"]
[Site "Paleochora"]
[Date "2014.07.27"]
[Round "8"]
[White "Anurag, Mhamal"]
[Black "Hrisanthopoulos, Dimitrios"]
[Result "1-0"]
[WhiteElo "2405"]
[BlackElo "1997"]
[PlyCount "55"]
[EventDate "2014.07.21"]
[EventType "swiss"]
[EventRounds "9"]
[EventCountry "GRE"]
[SourceTitle "CBM 161 Extra"]
[Source "ChessBase"]
[SourceDate "2014.08.29"]
[SourceVersion "1"]
[SourceVersionDate "2014.08.29"]
[SourceQuality "1"]

1. d4 Nf6 2. Nc3 d5 3. Bg5 Nbd7 4. Qd3 h6 5. Bh4 e6 6. e4 dxe4 7. Nxe4 Be7 8. Nxf6+ Nxf6 9. Nf3 0-0 10. 0-0-0 c5 11. Bxf6 Bxf6 12. dxc5 Qc7 13. Qe4 Bd7 14. Bd3 g6 15. h4 Qxc5 16. h5 Bc6 17. Qf4 Bxf3 18. Qxf3 Qe5 19. c3 Rac8 20. Rde1 Rxc3+ 21. bxc3 Qxc3+ 22. Kd1 Qb2 23. Qe3 Rd8 24. hxg6 Bg5 25. gxf7+ Kf8 26. Qc5+ Kxf7 27. Qc2 Qa3 28. Rh3 1-0

[Event "Paleochora op 7th"]
[Site "Paleochora"]
[Date "2014.07.22"]
[Round "2"]
[White "Antic, Dejan"]
[Black "Hrisanthopoulos, Dimitrios"]
[Result "1-0"]
[WhiteElo "2479"]
[BlackElo "1997"]
[PlyCount "27"]
[EventDate "2014.07.21"]
[EventType "swiss"]
[EventRounds "9"]
[EventCountry "GRE"]
[SourceTitle "CBM 161 Extra"]
[Source "ChessBase"]
[SourceDate "2014.08.29"]
[SourceVersion "1"]
[SourceVersionDate "2014.08.29"]
[SourceQuality "1"]

1. d4 Nf6 2. c4 e6 3. g3 d5 4. Nf3 Bb4+ 5. Bd2 Be7 6. Bg2 0-0 7. 0-0 c6 8. Bf4 b6 9. Nc3 Bb7 10. Rc1 Nbd7 11. cxd5 exd5 12. Ne5 Re8 13. e4 a6 14. Nxd7 1-0

[Event "Isthmia op 3rd"]
[Site "Vrachati"]
[Date "2013.08.20"]
[Round "4"]
[White "Hrisanthopoulos, Dimitrios"]
[Black "Simeonidis, Ioannis"]
[Result "0-1"]
[WhiteElo "2038"]
[BlackElo "2226"]
[PlyCount "66"]
[EventDate "2013.08.18"]
[EventType "swiss"]
[EventRounds "9"]
[EventCountry "GRE"]
[SourceTitle "CBM 156 Extra"]
[Source "ChessBase"]
[SourceDate "2013.10.22"]
[SourceVersion "1"]
[SourceVersionDate "2013.10.22"]
[SourceQuality "1"]

1. e4 e5 2. Nf3 Nc6 3. c3 d5 4. Qa4 f6 5. Bb5 Nge7 6. exd5 Qxd5 7. d3 Bf5 8. Bc4 Qd7 9. d4 Nd5 10. Qd1 Nb6 11. Bb5 0-0-0 12. Be3 g5 13. a4 a6 14. a5 Nd5 15. Be2 Qe8 16. 0-0 h5 17. Re1 h4 18. Nfd2 exd4 19. Bxd4 Nxd4 20. cxd4 Qd7 21. Nc3 Nb4 22. Nde4 Qxd4 23. Bg4 Qe5 24. Nd6+ Qxd6 25. Bxf5+ Kb8 26. Qb3 Qf4 27. Be4 Rd2 28. Rf1 f5 29. Qf7 fxe4 30. Qe8+ Ka7 31. Nb5+ axb5 32. a6 Qxh2+ 33. Kxh2 Bd6+ 0-1

[Event "Athens Epikoinonia 1st"]
[Site "Athens"]
[Date "2013.04.21"]
[Round "2.3"]
[White "Hrisanthopoulos, Dimitrios"]
[Black "Pelekis, Georgios"]
[Result "1-0"]
[WhiteElo "2039"]
[BlackElo "1868"]
[PlyCount "63"]
[EventDate "2013.04.14"]
[EventType "swiss"]
[EventRounds "7"]
[EventCountry "GRE"]
[SourceTitle "EXT 2024"]
[Source "ChessBase"]
[SourceDate "2023.10.10"]
[SourceVersion "1"]
[SourceVersionDate "2023.10.10"]
[SourceQuality "1"]

1. e4 d6 2. d4 Nf6 3. Nc3 g6 4. f4 Bg7 5. Nf3 c5 6. Bb5+ Bd7 7. e5 Ng4 8. e6 fxe6 9. Ng5 Bxb5 10. Nxe6 Bxd4 11. Nxb5 Qa5+ 12. Qd2 Bf2+ 13. Kd1 Ne3+ 14. Ke2 Qxb5+ 15. Kxf2 Ng4+ 16. Kg3 Qd7 17. Re1 Nf6 18. b3 Nc6 19. Bb2 Kf7 20. Bxf6 exf6 21. Nxc5 Qc8 22. Qd5+ Kg7 23. Qxd6 h5 24. h3 h4+ 25. Kh2 Qb8 26. Qd7+ Kh6 27. Qg4 g5 28. Ne6 Nd8 29. Nxg5 Qc7 30. Ne6 Nxe6 31. Rxe6 Qc3 32. Qg5+ 1-0

[Event "Athens Epikoinonia 1st"]
[Site "Athens"]
[Date "2013.04.14"]
[Round "1.4"]
[White "Asimakopoulos, Haralampos"]
[Black "Hrisanthopoulos, Dimitrios"]
[Result "0-1"]
[WhiteElo "1340"]
[BlackElo "2039"]
[PlyCount "104"]
[EventDate "2013.04.14"]
[EventType "swiss"]
[EventRounds "7"]
[EventCountry "GRE"]
[SourceTitle "EXT 2024"]
[Source "ChessBase"]
[SourceDate "2023.10.10"]
[SourceVersion "1"]
[SourceVersionDate "2023.10.10"]
[SourceQuality "1"]

1. e4 c5 2. Nf3 e6 3. d4 cxd4 4. Nxd4 Nc6 5. Nc3 Qc7 6. Be3 a6 7. Be2 Nf6 8. 0-0 Bb4 9. Qd3 Ne5 10. Qd1 Bxc3 11. bxc3 Nxe4 12. Bf4 Nxc3 13. Qd2 Nxe2+ 14. Qxe2 d6 15. Rfe1 f6 16. Qh5+ Qf7 17. Qxf7+ Kxf7 18. Rad1 Nc4 19. Nf3 e5 20. Bg3 Be6 21. Nd2 Nxd2 22. Rxd2 Ke7 23. Red1 Rhd8 24. a3 Rac8 25. f4 Bg4 26. Rb1 b5 27. Rb4 Bf5 28. a4 Rc5 29. axb5 axb5 30. Bf2 Rxc2 31. Rxc2 Bxc2 32. Rxb5 Be4 33. fxe5 dxe5 34. Be3 Ra8 35. Rc5 Ra1+ 36. Rc1 Ra2 37. Bf2 g5 38. h3 h5 39. Rc7+ Ke6 40. Ra7 Rc2 41. Ra6+ Bc6 42. Rb6 Kf5 43. Rb4 g4 44. hxg4+ hxg4 45. Rb3 Ke6 46. Ra3 f5 47. Rg3 Bd5 48. Be1 Kf6 49. Bf2 Kg5 50. Re3 Be4 51. Re1 g3 52. Be3+ Kg4 0-1

[Event "Isthmia op 1st"]
[Site "Vrachati"]
[Date "2011.08.23"]
[Round "7"]
[White "Hrisanthopoulos, Dimitrios"]
[Black "Zeppos, Panagiotis"]
[Result "1/2-1/2"]
[WhiteElo "2076"]
[BlackElo "1949"]
[PlyCount "40"]
[EventDate "2011.08.18"]
[EventType "swiss"]
[EventRounds "9"]
[EventCountry "GRE"]
[SourceTitle "CBM 144 Extra"]
[Source "ChessBase"]
[SourceDate "2011.10.28"]
[SourceVersion "1"]
[SourceVersionDate "2011.10.28"]
[SourceQuality "1"]

1. e4 c5 2. Nf3 d6 3. d4 cxd4 4. Nxd4 Nf6 5. Nc3 a6 6. Be3 e5 7. Nb3 Be6 8. Qd2 Nbd7 9. 0-0-0 Be7 10. Kb1 b5 11. f4 b4 12. Nd5 Nxe4 13. Qxb4 Bxd5 14. Rxd5 Nef6 15. Ra5 Qc7 16. Bxa6 0-0 17. Qb7 Qd8 18. Qf3 Qc7 19. Qb7 Qd8 20. Qf3 Qc7 1/2-1/2

[Event "Heraklion op"]
[Site "Heraklion"]
[Date "2011.06.19"]
[Round "9"]
[White "Hrisanthopoulos, Dimitrios"]
[Black "Lappas, Konstantinos"]
[Result "1-0"]
[WhiteElo "2046"]
[BlackElo "1949"]
[PlyCount "77"]
[EventDate "2011.06.11"]
[EventType "swiss"]
[EventRounds "9"]
[EventCountry "GRE"]
[SourceTitle "CBM 142 Extra"]
[Source "ChessBase"]
[SourceDate "2011.06.27"]
[SourceVersion "1"]
[SourceVersionDate "2011.06.27"]
[SourceQuality "1"]

1. e4 c5 2. Nf3 d6 3. d4 cxd4 4. Nxd4 Nf6 5. Nc3 a6 6. Be3 Ng4 7. Bc1 Nf6 8. Be3 e5 9. Nb3 Be6 10. Qd2 Nbd7 11. f4 Rc8 12. Bd3 Be7 13. f5 Bc4 14. h3 b5 15. 0-0-0 Bxd3 16. Qxd3 Rc4 17. g4 h6 18. Kb1 Qa8 19. Nd2 Rc8 20. Rhg1 Nc5 21. Bxc5 Rxc5 22. h4 h5 23. g5 Ng4 24. Qf3 Rc8 25. Nd5 Qc6 26. c3 Bd8 27. Nf1 g6 28. Nfe3 Nxe3 29. Qxe3 0-0 30. Rgf1 Qe8 31. Rf3 Rc5 32. Rdf1 Kg7 33. fxg6 Kxg6 34. Rf6+ Kg7 35. Qf3 Rxd5 36. exd5 e4 37. Qxh5 e3 38. Qh6+ Kg8 39. g6 1-0

[Event "Heraklion op"]
[Site "Heraklion"]
[Date "2011.06.16"]
[Round "6"]
[White "Hrisanthopoulos, Dimitrios"]
[Black "Sienczewski, Zbigniew"]
[Result "1/2-1/2"]
[WhiteElo "2046"]
[BlackElo "2218"]
[PlyCount "49"]
[EventDate "2011.06.11"]
[EventType "swiss"]
[EventRounds "9"]
[EventCountry "GRE"]
[SourceTitle "CBM 142 Extra"]
[Source "ChessBase"]
[SourceDate "2011.06.27"]
[SourceVersion "1"]
[SourceVersionDate "2011.06.27"]
[SourceQuality "1"]

1. e4 d6 2. d4 Nf6 3. Nc3 g6 4. f4 Bg7 5. Nf3 c5 6. dxc5 Qa5 7. Bd3 Qxc5 8. Qe2 Bg4 9. Be3 Qa5 10. 0-0 Nc6 11. h3 Bxf3 12. Qxf3 0-0 13. Kh1 Nb4 14. Rad1 Nd7 15. a3 Nxd3 16. Rxd3 Nb6 17. b4 Qa6 18. Bxb6 Bxc3 19. Rxc3 Qxb6 20. f5 a5 21. f6 exf6 22. Qxf6 axb4 23. axb4 Qxb4 24. Rc7 Qxe4 25. Rxf7 1/2-1/2

[Event "Heraklion op"]
[Site "Heraklion"]
[Date "2011.06.15"]
[Round "5"]
[White "Gogolis, Alexandros"]
[Black "Hrisanthopoulos, Dimitrios"]
[Result "1/2-1/2"]
[WhiteElo "2268"]
[BlackElo "2046"]
[PlyCount "35"]
[EventDate "2011.06.11"]
[EventType "swiss"]
[EventRounds "9"]
[EventCountry "GRE"]
[SourceTitle "CBM 142 Extra"]
[Source "ChessBase"]
[SourceDate "2011.06.27"]
[SourceVersion "1"]
[SourceVersionDate "2011.06.27"]
[SourceQuality "1"]

1. d4 Nf6 2. Bf4 b6 3. e3 Bb7 4. Nd2 e6 5. Ngf3 Be7 6. Bd3 c5 7. c3 cxd4 8. cxd4 d6 9. h3 Nc6 10. 0-0 0-0 11. a3 e5 12. Bh2 exd4 13. exd4 Re8 14. Rc1 Rc8 15. Re1 a6 16. Nc4 b5 17. Ne3 Bf8 18. Bb1 1/2-1/2

[Event "Heraklion op"]
[Site "Heraklion"]
[Date "2011.06.13"]
[Round "3"]
[White "Petrakis, Ilias"]
[Black "Hrisanthopoulos, Dimitrios"]
[Result "1-0"]
[WhiteElo "2210"]
[BlackElo "2046"]
[PlyCount "31"]
[EventDate "2011.06.11"]
[EventType "swiss"]
[EventRounds "9"]
[EventCountry "GRE"]
[SourceTitle "CBM 142 Extra"]
[Source "ChessBase"]
[SourceDate "2011.06.27"]
[SourceVersion "1"]
[SourceVersionDate "2011.06.27"]
[SourceQuality "1"]

1. e4 c5 2. Nf3 Nc6 3. d4 cxd4 4. Nxd4 e5 5. Nb5 d6 6. a4 Be6 7. N1c3 a6 8. Na3 Nge7 9. Bc4 Nd4 10. 0-0 Rc8 11. Nd5 Bxd5 12. exd5 Ng6 13. Bd3 Qd7 14. Nc4 Rxc4 15. Bxc4 Nh4 16. f4 1-0

[Event "Porto Carras op 5th"]
[Site "Porto Carras"]
[Date "2010.07.13"]
[Round "3"]
[White "Nedev, Trajce"]
[Black "Hrisanthopoulos, Dimitrios"]
[Result "1-0"]
[WhiteElo "2506"]
[BlackElo "2095"]
[PlyCount "119"]
[EventDate "2010.07.11"]
[EventType "swiss"]
[EventRounds "9"]
[EventCountry "GRE"]
[SourceTitle "CBM 137 Extra"]
[Source "ChessBase"]
[SourceDate "2010.09.01"]
[SourceVersion "1"]
[SourceVersionDate "2010.09.01"]
[SourceQuality "1"]

1. e4 c5 2. Nf3 Nc6 3. Bb5 d6 4. 0-0 Bd7 5. c3 Nf6 6. Re1 a6 7. Ba4 b5 8. Bc2 e5 9. h3 Be7 10. d4 Qc7 11. d5 Na5 12. b3 0-0 13. Nbd2 c4 14. Ba3 Rfe8 15. b4 Nb7 16. Nf1 g6 17. Ng3 a5 18. Bc1 axb4 19. cxb4 Ra6 20. a3 Bf8 21. Nh2 Bg7 22. Qf3 Rf8 23. Bg5 Ne8 24. Ng4 f6 25. Nh6+ Kh8 26. Bd2 Nd8 27. Ne2 Nf7 28. Nxf7+ Rxf7 29. g4 Qc8 30. Ng3 Rf8 31. Qe2 Nc7 32. f4 exf4 33. Bxf4 Na8 34. Qd2 Qd8 35. Be3 Nb6 36. Bd4 Qe7 37. Rf1 Be8 38. Ne2 Nd7 39. Nf4 Bf7 40. a4 bxa4 41. Qc3 Ne5 42. b5 Raa8 43. b6 Bh6 44. Rxa4 Bxf4 45. Rxf4 Rxa4 46. Bxa4 Be8 47. Bc6 g5 48. Rf2 Kg7 49. Bxe5 fxe5 50. Rxf8 Qxf8 51. Bxe8 Qxe8 52. Qxc4 Qa8 53. Kf2 Kg8 54. Ke2 Kf8 55. Kd3 Qa3+ 56. Kc2 Qa8 57. Kb2 Qa5 58. Qc8+ Ke7 59. Qe6+ Kf8 60. Qxd6+ 1-0

[Event "GRE-chT Div-A 38th"]
[Site "Peristeri"]
[Date "2010.07.09"]
[Round "5"]
[White "Minas, Ioannis"]
[Black "Hrisanthopoulos, Dimitrios"]
[Result "1-0"]
[WhiteElo "1836"]
[BlackElo "2095"]
[PlyCount "81"]
[EventDate "2010.07.05"]
[EventType "team-swiss"]
[EventRounds "7"]
[EventCountry "GRE"]
[SourceTitle "CBM 137 Extra"]
[Source "ChessBase"]
[SourceDate "2010.09.01"]
[SourceVersion "1"]
[SourceVersionDate "2010.09.01"]
[SourceQuality "1"]

1. e4 c5 2. Nf3 Nc6 3. Bb5 e6 4. Nc3 Nge7 5. 0-0 a6 6. Bxc6 Nxc6 7. d4 cxd4 8. Nxd4 Qc7 9. Re1 Bd6 10. Nxc6 dxc6 11. Qg4 0-0 12. f4 f5 13. Qh4 b5 14. e5 Be7 15. Qf2 Bb7 16. Be3 c5 17. Rad1 Rad8 18. h3 Qc6 19. Rxd8 Rxd8 20. Rd1 Rxd1+ 21. Nxd1 Bh4 22. Qe2 h6 23. Kh2 b4 24. Bd2 a5 25. Ne3 g5 26. Nc4 Qd5 27. Nxa5 Ba8 28. Nc4 gxf4 29. Bxf4 Qc6 30. Bxh6 Kh7 31. Bf4 Kg6 32. Nd2 Bb7 33. Nf3 Be7 34. Qf2 Qe4 35. Qg3+ Kf7 36. Bg5 Qxc2 37. Bxe7 Bxf3 38. Bf6 Qxg2+ 39. Qxg2 Bxg2 40. Kxg2 c4 41. Bg5 1-0

[Event "GRE-chT Div-A 38th"]
[Site "Peristeri"]
[Date "2010.07.08"]
[Round "4"]
[White "Grigoriadis, Alexandros"]
[Black "Hrisanthopoulos, Dimitrios"]
[Result "1-0"]
[WhiteElo "2330"]
[BlackElo "2095"]
[PlyCount "80"]
[EventDate "2010.07.05"]
[EventType "team-swiss"]
[EventRounds "7"]
[EventCountry "GRE"]
[SourceTitle "CBM 137 Extra"]
[Source "ChessBase"]
[SourceDate "2010.09.01"]
[SourceVersion "1"]
[SourceVersionDate "2010.09.01"]
[SourceQuality "1"]

1. Nf3 Nf6 2. c4 e6 3. g3 d5 4. Bg2 c6 5. Qc2 Nbd7 6. 0-0 Be7 7. d4 0-0 8. Bf4 Nh5 9. Bd2 Nhf6 10. Bf4 Nh5 11. Bc1 Nhf6 12. Nbd2 b6 13. e4 Ba6 14. e5 Ne8 15. Rd1 Rc8 16. Rb1 Qc7 17. b4 Bxc4 18. Nxc4 dxc4 19. Bg5 Qd8 20. Bxe7 Qxe7 21. Qxc4 Nc7 22. Nd2 Nd5 23. Ne4 b5 24. Qb3 N7b6 25. Nd6 Rcd8 26. Rdc1 Rxd6 27. exd6 Qxd6 28. Rc5 Rb8 29. Rbc1 Nc4 30. a4 a6 31. a5 g6 32. h4 Kg7 33. Kh2 h6 34. Rc2 Nf6 35. R2xc4 bxc4 36. Qxc4 Nd5 37. Rxc6 Rxb4 38. Qxa6 Qd8 39. Rc8 Qf6 40. Qd6 Qxf2 1-0